00829cam a22002411 4500001000700000003000900007005001700016008004100033010001700074040002800091043001200119050002000131082001400151100004900165240002500214245007100239250007700310260005700387300003500444490002500479500006300504651002000567279610BDDh-ASL20231015025926.0711020t19621958nyubc 000 0 eng  a 65002538  aDLCcDLCdDLCdBDDh-ASL aa-ii---00aDS407b.W3 196200a954bWAS 1 aWallbank, T. Walterq(Thomas Walter),d1901-10aIndia in the new era12aA short history of India and Pakistan / c[by] T. Walter Wallbank. aAn abridged ed. of India in the new era, completely rev. and up-to-date. a[New York] :bNew American Library, c[1962, c1958]. a320 p. :bmaps, ports.c18 cm.0 aA Mentor book. MT462 aFirst published in 1951 under title: India in the new era. 0aIndiaxHistory.